| 000 | 01297nam a2200349 i 4500 | ||
|---|---|---|---|
| 001 | 196818 | ||
| 003 | ES-MaACL | ||
| 005 | 20250804062716.0 | ||
| 008 | 241216s1998 sp | ||| ||spa | ||
| 016 | 7 |
_abimoBNE19993701012 _2SpMaBN |
|
| 017 |
_aSE 2499-1998 _bOficina Depósito Legal Sevilla |
||
| 020 | _a8489371482 | ||
| 035 | _a(OCoLC)432552519 | ||
| 035 | _a(SpMaBN)bimo0001119786 | ||
| 040 |
_aSpMaBN _bspa _cSpMaBN _erdc |
||
| 080 | _a821.134.2-32"19" | ||
| 100 | 1 |
_aMilla, Fernando de la, _9239379 _d1895-¿1961? _eaut |
|
| 240 | 1 | 3 | _aUn hombre y dos mujeres |
| 245 | 1 | 3 |
_aUn hombre y dos mujeres / _cFernando de la Milla ; ilustraciones de I. Durán _h[Texto impreso] |
| 260 |
_aSevilla : _bRenacimiento, _c1998. |
||
| 300 |
_a64 páginas : _bilustrado en blanco y negro ; _c17 cm |
||
| 336 |
_2rdacontent _atexto |
||
| 337 |
_2rdamedia _asin mediación |
||
| 338 |
_2rdacarrier _avolumen |
||
| 490 | 1 |
_aLa novela pasional ; _v3 |
|
| 655 | 0 |
_aNovelas _9234319 |
|
| 852 |
_aES-MaACL _cDEPOJ _jN-10269 _xEncuadernación rústica _9206395 _hDonación: Editorial |
||
| 942 |
_cMONOGRAFIA _n0 |
||
| 999 |
_c196818 _d196818 |
||